[Event "Seefeld op 18th"]
[Site "Seefeld"]
[Date "2007.09.09"]
[Round "9"]
[White "Huettemann, Ralf"]
[Black "Mueller, Helmut1"]
[Result "1-0"]
[WhiteElo "1998"]
[BlackElo "2077"]
[PlyCount "71"]
[EventDate "2007.09.01"]
[EventType "swiss"]
[EventRounds "9"]
[EventCountry "AUT"]
[SourceTitle "EXT 2009"]
[Source "ChessBase"]
[SourceDate "2008.11.26"]
[SourceVersion "1"]
[SourceVersionDate "2008.11.26"]
[SourceQuality "1"]

1. e4 e5 2. Nf3 Nc6 3. Bc4 Bc5 4. 0-0 Nf6 5. Nc3 0-0 6. d3 h6 7. a3 a6 8. Be3 Ba7 9. Qd2 d6 10. h3 Be6 11. Ba2 Kh7 12. Kh2 Nd4 13. Bxd4 Bxd4 14. Nxd4 exd4 15. Ne2 c5 16. Bxe6 fxe6 17. f4 Nd7 18. Rf3 Qe7 19. c3 dxc3 20. bxc3 g5 21. d4 Rg8 22. e5 cxd4 23. cxd4 dxe5 24. fxe5 Raf8 25. Qd3+ Kg7 26. Ng3 Kh8 27. Raf1 b5 28. Rxf8 Rxf8 29. Rxf8+ Nxf8 30. Qf3 a5 31. Ne4 b4 32. Nd6 Kg7 33. axb4 axb4 34. Qb3 g4 35. Qxb4 Qg5 36. Qb7+ 1-0